How Long lyrics (Ace) - Statistics

General Stats
  • This quiz has been taken 2 times
  • The average score is 99 of 192
Answer Stats
Lyrics % Correct
a
100%
been
100%
going
100%
has
100%
How
100%
how
100%
(How
100%
I
100%
long
100%
long?)
100%
on?
100%
on
100%
this
100%
this?)
100%
as
50%
But
50%
but
50%
can't
50%
Don't
50%
dumb
50%
friends
50%
It
50%
my
50%
seem
50%
To
50%
to
50%
up
50%
Well,
50%
you
50%
admit
0%
ain't
0%
And
0%
any
0%
break
0%
'Cause
0%
could
0%
day
0%
fancy
0%
happen
0%
have
0%
help
0%
if
0%
in
0%
intending
0%
it's
0%
never
0%
of
0%
Oh,
0%
Ooh,
0%
our
0%
part
0%
persuasion
0%
pretending
0%
quite
0%
said
0%
scene
0%
scheme
0%
suspicions
0%
that
0%
their
0%
there
0%
us
0%
use
0%
was
0%
way
0%
with
0%
your
0%
No matching quizzes found
Score Distribution
Percent of People with Each Score
Percentile by Number Answered
Your Score History
You have not taken this quiz